Stock market integration and the speed of information transmission
Gespeichert in:
| 1. Verfasser: | |
|---|---|
| Weitere Verfasser: | |
| Format: | Buchkapitel |
| Sprache: | Englisch |
| Schlagworte: | |
| Tags: |
Keine Tags, Fügen Sie das erste Tag hinzu!
|
MARC
| LEADER | 00000naa$a2200000$$$4500 | ||
|---|---|---|---|
| 001 | 0075139 | ||
| 005 | 20231010112253.2 | ||
| 041 | 0 | |a eng | |
| 044 | |a CZ | ||
| 245 | 1 | 0 | |a Stock market integration and the speed of information transmission |c Alexandr Černý, Michal Koblas |
| 610 | 2 | 0 | |a trh burzový |
| 610 | 2 | 0 | |a papiere cenné |
| 610 | 2 | 0 | |a informácie |
| 610 | 2 | 0 | |a integrácia |
| 610 | 2 | 0 | |a prenos dát |
| 100 | 1 | |a Černý, Alexandr | |
| 700 | 1 | |a Koblas, Michal | |